000 00559nam a2200193Ia 4500
005 20250508164501.0
008 008 250505s9999 xx 000 0 hin d
037 _aTextual
040 _aFEDL
_beng
_cFEDL
041 _ahin
_2hin
084 _a307.772, SHA
_qFEDL
100 _aSharma Brahmadev
_9777030
245 0 _aAadwasi vikas : Eak saidhantik vivechana
260 _aBhopal, India
_bMadhya Pardesh Hindi Granth Academy
_c1994
300 _a214p.
365 _aINR
_b40
942 _cTEXL
_h307.772, SHA
999 _c1389357
_d1389357